| 000 | 01210nam a2200313 i 4500 | ||
|---|---|---|---|
| 005 | 20260407163219.0 | ||
| 008 | 260329t20252025my o gr 000 0dmay d | ||
| 020 |
_a9789674619916 _cRM39.00 _qpaperback |
||
| 040 |
_aPPAK _beng _cPPAK _erda |
||
| 082 | 0 | 4 |
_223 _a297.122861 |
| 090 | 0 | 0 |
_a297.122861 _bKHA _dG |
| 100 | 0 |
_aKhadher Ahmad, _cProf. Madya Dr., _eauthor. |
|
| 245 | 1 | 0 |
_aKEUNGGULAN AL-TIBB AL-NABAWI : _bPERSPEKTIF SAINS / _cKhadher Ahmad, Wan Nasyrudin Wan Abdullah, Nor Azian Ab Rahman |
| 264 | 1 |
_aPulau Pinang : _bPenerbit Universiti Sains Malaysia, _c2025 |
|
| 264 | 4 | _c©2025 | |
| 300 |
_axviii, 211 pages : _bphotographs ; _c23 cm |
||
| 336 |
_atext _2rdacontent |
||
| 337 |
_aunmediated _2rdamedia |
||
| 338 |
_avolume _2rdacarrier |
||
| 500 | _aContains verses from the Qur'an and quotes from the Hadith. | ||
| 504 | _aBibliography: pages [199]-205. | ||
| 650 | 1 | 0 |
_aMedicine _xReligious aspects _xIslam |
| 650 | 2 | 0 |
_aHealing _xReligious aspects _xIslam |
| 650 | 2 | 0 | _aMedicine in the Qur'an |
| 650 | 2 | 0 |
_aGovernment publications _zMalaysia |
| 700 | 0 |
_aWan Nasyrudin Wan Abdullah, _cDr., _eauthor. |
|
| 700 | 0 |
_aNor Azian Ab Rahman, _cDr., _eauthor. |
|
| 942 |
_2ddc _cB |
||
| 999 |
_c203539 _d203539 |
||